| 000 | 00476nam a2200169 i 4500 | ||
|---|---|---|---|
| 001 | 131829 | ||
| 003 | ES-MaACL | ||
| 005 | 20230906194044.0 | ||
| 007 | t| | ||
| 008 | 070214s1933 fr r ||||1| fre d | ||
| 100 | 1 |
_aRoger, Noëlle. _998933 |
|
| 245 | 1 | 0 |
_aJean-Jacques _b: le promeneur solitaire / _cNoëlle Roger. |
| 260 |
_aParis : _bErnest Flammarion, _c1933. |
||
| 300 |
_a388 p. ; _c18 cm. |
||
| 600 | 1 | 4 |
_aRousseau, Jean-Jacques. _9100055 |
| 852 |
_aES-MaACL _jA-2893 |
||
| 999 |
_c131829 _d131829 |
||